Nuggets for happiness. (Record no. 13023)

000 -LEADER
fixed length control field 00535nam a2200181 a 4500
001 - CONTROL NUMBER
control field :::00010841$&:&@@
003 - CONTROL NUMBER IDENTIFIER
control field OkBaRHE
005 - DATE AND TIME OF LATEST TRANSACTION
control field 20000607103403.0
008 - FIXED-LENGTH DATA ELEMENTS--GENERAL INFORMATION
fixed length control field s1959 j 000 0 eng u
040 ## - CATALOGING SOURCE
Transcribing agency
100 1# - MAIN ENTRY--PERSONAL NAME
Personal name Phillips, Allen A.
245 10 - TITLE STATEMENT
Title Nuggets for happiness.
260 ## - PUBLICATION, DISTRIBUTION, ETC. (IMPRINT)
Place of publication, distribution, etc Cleveland, TN., :
Name of publisher, distributor, etc Pathway Press
Date of publication, distribution, etc 1959
300 ## - PHYSICAL DESCRIPTION
Extent 116 p. ;
Dimensions 22 cm.
650 ## - SUBJECT ADDED ENTRY--TOPICAL TERM
Topical term or geographic name as entry element Christian Life
942 ## - ADDED ENTRY ELEMENTS (KOHA)
Source of classification or shelving scheme
Koha item type Books
Copies
Date acquired Price effective from Shelving location Not for loan Permanent Location Date last seen Damaged status Lost status Full call number Copy number Barcode Koha item type Source of classification or shelving scheme Withdrawn status
2010-04-142010-04-14General Stacks RHEMA Bible Training College2010-04-14  BV 4501.2 .P49N8110841Books